[Event "Schleswig Holstein-ch Seniors 63rd"]
[Site "Gross Groenau"]
[Date "2008.03.20"]
[Round "9"]
[White "Kersten, Heinz"]
[Black "Lund, Hans Hermann"]
[Result "0-1"]
[WhiteElo "1581"]
[BlackElo "1631"]
[PlyCount "88"]
[EventDate "2008.03.15"]
[EventType "swiss"]
[EventRounds "9"]
[EventCountry "GER"]
[SourceTitle "EXT 2010"]
[Source "ChessBase"]
[SourceDate "2010.11.25"]
[SourceVersion "1"]
[SourceVersionDate "2010.11.25"]
[SourceQuality "1"]

1. d4 d5 2. c4 Nf6 3. Nc3 c6 4. Bg5 e6 5. a3 Be7 6. Nf3 Nbd7 7. e3 0-0 8. Bd3 h6 9. Bh4 dxc4 10. Bxc4 Nb6 11. Be2 Nfd5 12. Bxe7 Qxe7 13. Nxd5 exd5 14. 0-0 Bf5 15. Rc1 Be4 16. Nd2 f5 17. f3 Bd3 18. e4 fxe4 19. Bxd3 exd3 20. Re1 Qf6 21. Re5 Nd7 22. Re1 Qxd4+ 23. Kf1 Rae8 24. Qb3 Nc5 25. Qc3 Rxe1+ 26. Rxe1 Qxc3 27. bxc3 Na4 28. c4 Nc3 29. Re3 dxc4 30. Nxc4 Rd8 31. Ke1 Rd4 32. Nd2 Kf7 33. g3 b6 34. h3 Rd7 35. Kf1 c5 36. Ke1 Re7 37. Rxe7+ Kxe7 38. f4 b5 39. g4 c4 40. h4 g6 41. Kf2 Nd5 42. Kf3 a6 43. Ke4 c3 44. Nb3 d2 0-1

[Event "Schleswig Holstein-ch Seniors 56th"]
[Site "Eckernfoerde"]
[Date "2001.04.??"]
[Round "6"]
[White "Kaschuetzke, Guenther"]
[Black "Kersten, Heinz"]
[Result "1/2-1/2"]
[WhiteElo "1505"]
[BlackElo "1570"]
[PlyCount "63"]
[EventDate "2001.04.??"]
[EventType "swiss"]
[EventRounds "9"]
[EventCountry "GER"]
[SourceTitle "EXT 2004"]
[Source "ChessBase"]
[SourceDate "2003.11.25"]
[SourceVersion "1"]
[SourceVersionDate "2003.11.25"]
[SourceQuality "1"]

1. d4 g6 2. e4 Bg7 3. Bc4 e6 4. Nf3 Ne7 5. d5 0-0 6. 0-0 d6 7. Bb3 c6 8. c4 a6 9. a4 a5 10. Nc3 Na6 11. Be3 Qc7 12. Qd2 Re8 13. Ng5 Nb4 14. Na2 Na6 15. Rac1 b6 16. Rfd1 Rd8 17. Qe2 Nc5 18. Bxc5 bxc5 19. Nc3 h6 20. Nf3 Rb8 21. Ba2 e5 22. dxc6 Nxc6 23. Nb5 Qe7 24. Ne1 h5 25. Nc2 Bh6 26. Ne3 Nb4 27. Bb1 Rb7 28. Rc3 Rbd7 29. f3 Qg5 30. Nc2 Bb7 31. Nxb4 axb4 32. Rcd3 1/2-1/2